| 000 | 00934nam a2200265 a 4500 | ||
|---|---|---|---|
| 008 | 951030s1990||||[C 0 slo c | ||
| 020 |
_a8021501049 _c34 Kčs. _q(12000 výtl.) |
||
| 040 |
_aSNK _bslo _cSNK _eAACR2 |
||
| 041 | 1 |
_aslo _heng |
|
| 044 |
_axo _cSK |
||
| 080 | _a820 (73)-94 | ||
| 080 | _a929 Feynman, Richard Phillips | ||
| 100 | 1 |
_aFeynman, Richard Phillips _4aut |
|
| 245 | 1 | 0 |
_aTo nemyslíte vážne, pán Feynman! _bDobrodružstvá všetečnej povahy _cRichard Phillips Feynman ; Dušan Slobodník, Ľudovít Kuniak, Ján Pišút, Ladislav Vančo |
| 250 | _a1., vyd. | ||
| 260 |
_aBratislava _bObzor _c1990 _eBratislava _fDanubiaprint |
||
| 300 |
_a336 s., 19,77 AH _c21 cm |
||
| 490 | 0 | _aPostavy a osudy | |
| 500 | _aFot. na front. a predsádkach. | ||
| 700 | 1 |
_aSlobodník, Dušan _4trl |
|
| 700 | 1 |
_aKuniak, Ľudovít _4trl |
|
| 700 | 1 |
_aPišút, Ján _4[ADC] |
|
| 700 | 1 |
_aVančo, Ladislav _4bkd |
|
| 958 | _aA | ||
| 999 |
_c10673 _d10673 |
||